000 00589nam a2200217Ia 4500
005 20260429112124.0
008 260429s9999||||xx |||||||||||||| ||und||
020 _a9781041042884
041 _aEnglish
082 _a333.79
_bSCH
100 _aSchwarz, Peter M.
245 0 _aEnergy economics /
_cPeter M. Schwarz
250 _a2nd ed.
260 _aLondon :
_bRoutledge,
_c2025.
300 _axxvii, 440 p.; pbk
440 _aRoutledge textbooks in environmental and agricultural economics
650 _a Agriculture
650 _a Energy
650 _aEconomics
942 _cTB
999 _c52462
_d52462